|
|
|
|
| LEADER |
00000nam a22000007a 4500 |
| 005 |
2020111602242.0 |
| 007 |
cr|||| |||| |
| 008 |
201116s2020 es |||||s|||| 00||0 spa d |
| 020 |
|
|
|a 978-84-1324-723-6
|
| 035 |
|
|
|a 32109
|
| 040 |
|
|
|a vLex
|
| 090 |
|
|
|c 10864
|d 10864
|
| 100 |
1 |
|
|a Přez-Ugena, Mara̕
|
| 245 |
1 |
2 |
|a El uso on-line de la mediacin̤, servicio de solucin̤ de conflictos
|h [Recurso electrn̤ico] :
|b Un instrumento para las situaciones de crisis /
|c Mara̕ Přez-Ugena
|
| 256 |
|
|
|a Servicio en ln̕ea
|
| 260 |
|
|
|a Madrid:
|b Dykinson,
|c 2020
|
| 300 |
|
|
|a 1 recurso electrn̤ico
|
| 506 |
1 |
|
|a Disponible solo en los productos indicados
|d vLex Global
|d vLex Global (Academic Edition, excluding Law Schools)
|d vLex Global (U.S. Academic Edition, Law Schools)
|d vLex Global (U.S. Academic Edition, excluding Law Schools)
|d vLex Global (Academic Edition, Law Schools)
|
| 650 |
0 |
4 |
|a Arbitraje
|z Espaą
|
| 740 |
0 |
|
|a vLex Libros (Servicio en ln̕ea)
|
| 856 |
4 |
0 |
|u http://vlex.com/source/uso-on-line-mediacion-servicio-solucion-conflictos-instrumento-situaciones-crisis--32109
|z Acceso restringido
|
| 942 |
|
|
|c BOOK
|
| 999 |
0 |
|
|a Arbitration
|